Top 500 Baby Boy Names in 2024 (United States) - Statistics

General Stats
  • This quiz has been taken 952 times
  • The average score is 212 of 500
Answer Stats
Hint Answer % Correct
21 John
95%
15 Jack
93%
5 James
92%
10 William
89%
31 David
88%
18 Michael
88%
3 Oliver
88%
205 Alex
87%
16 Daniel
87%
6 Henry
87%
35 Jackson
87%
96 Jaxon
87%
350 Andre
86%
1 Liam
86%
33 Matthew
86%
27 Alexander
85%
124 George
85%
91 Jose
85%
192 Peter
85%
39 Thomas
85%
2 Noah
84%
68 Andrew
83%
11 Benjamin
83%
92 Eli
83%
51 Charles
82%
61 Christopher
82%
23 Luca
82%
94 Luka
82%
264 Paul
82%
17 Samuel
82%
32 Joseph
81%
90 Robert
81%
24 Leo
79%
9 Lucas
79%
268 Lukas
79%
87 Ryan
79%
100 Adam
78%
41 Jacob
78%
194 Zachary
78%
430 Alijah
77%
8 Elijah
77%
34 Luke
77%
62 Nathan
77%
118 Nicholas
77%
185 Nicolas
77%
232 Richard
77%
436 Sean
77%
148 Jason
76%
246 Mark
76%
377 Stephen
76%
269 Steven
76%
44 Anthony
75%
176 Charlie
75%
227 Eithan
75%
19 Ethan
75%
468 Frank
75%
57 Joshua
75%
80 Theo
75%
77 Christian
74%
320 Cristian
74%
83 Jonathan
74%
141 Leon
74%
433 Lewis
74%
236 Louis
74%
130 Luis
74%
214 Victor
74%
79 Aaron
73%
40 Isaac
73%
228 Edward
72%
143 Evan
72%
104 Jordan
72%
191 Tyler
72%
396 Jay
71%
439 Kyle
71%
256 Marcus
71%
69 Beau
70%
451 Bo
70%
301 Brian
70%
305 Bryan
70%
26 Owen
70%
4 Theodore
70%
111 Vincent
70%
495 Adan
69%
312 Aidan
69%
47 Aiden
69%
212 Ayden
69%
251 Eric
69%
332 Erick
69%
476 Erik
69%
199 Justin
69%
196 Kevin
69%
42 Mason
69%
230 Brandon
68%
46 Logan
68%
28 Dylan
66%
394 Jaden
66%
59 Jayden
66%
84 Leonardo
66%
175 Max
66%
144 Nathaniel
66%
107 Austin
65%
66 Cameron
65%
43 Gabriel
65%
121 Harrison
65%
128 Hunter
65%
75 Ian
65%
428 Kameron
65%
208 Timothy
65%
45 Carter
64%
266 Jeremy
64%
248 Karter
64%
153 Ivan
63%
422 Jake
63%
97 Parker
63%
180 Antonio
62%
136 Connor
62%
30 Julian
62%
217 Oscar
62%
221 Patrick
62%
211 Caden
61%
349 Cayden
61%
93 Jeremiah
61%
304 Kaden
61%
207 Kaiden
61%
125 Kayden
61%
308 Martin
61%
102 Xavier
61%
204 Abraham
60%
162 Cole
60%
7 Mateo
60%
138 Matteo
60%
37 Miles
60%
99 Myles
60%
135 Carlos
59%
150 Elliot
59%
163 Elliott
59%
450 Francis
59%
213 Nico
59%
343 Niko
59%
334 Colin
58%
489 Collin
58%
25 Elias
58%
198 Finn
58%
48 Grayson
58%
127 Greyson
58%
154 Hayden
58%
126 Jonah
58%
137 Juan
58%
14 Sebastian
58%
265 Blake
57%
364 Bradley
57%
49 Caleb
57%
278 Kaleb
57%
453 Rome
57%
72 Adrian
56%
110 Damian
56%
344 Damien
56%
423 Frederick
56%
76 Kai
56%
167 Alan
55%
20 Asher
55%
56 Isaiah
55%
497 Quinn
55%
252 Simon
55%
105 Arthur
54%
315 Jax
54%
284 Kenneth
54%
12 Levi
54%
245 Muhammad
54%
188 Ashton
53%
123 Carson
53%
173 Chase
53%
397 Karson
53%
38 Wyatt
52%
276 Colt
51%
50 Cooper
51%
108 Dominic
51%
120 Milo
51%
190 Brayden
50%
289 Cody
50%
458 Johnny
50%
58 Wesley
50%
142 Dean
49%
241 Grant
49%
164 Jesus
49%
182 Maxwell
49%
64 Nolan
49%
229 Riley
49%
306 Zane
49%
249 Zayn
49%
447 Zayne
49%
219 Joel
48%
342 King
48%
106 Landon
48%
387 Marco
48%
379 Raymond
48%
271 Walter
48%
78 Axel
47%
385 Franklin
47%
22 Hudson
47%
393 Jared
47%
187 Jesse
47%
156 Jude
47%
52 Roman
47%
224 Brody
46%
258 Derek
46%
13 Ezra
46%
117 Jameson
46%
53 Josiah
46%
220 Abel
45%
488 Andy
45%
297 Bryce
45%
98 Colton
45%
112 River
45%
70 Weston
45%
184 Alejandro
44%
445 Rowen
44%
262 Warren
44%
216 Xander
44%
378 Zander
44%
60 Bennett
43%
272 Cade
43%
382 Edwin
43%
177 Felix
43%
290 Finley
43%
345 Kade
43%
309 Brady
42%
255 Gavin
42%
129 Graham
42%
114 Jace
42%
169 Jayce
42%
86 Micah
42%
329 Preston
42%
404 Prince
42%
259 Avery
41%
73 Lincoln
41%
71 Rowan
41%
63 Angel
40%
333 Archie
40%
88 August
40%
159 Callum
40%
119 Emmett
40%
36 Maverick
40%
375 Ricardo
40%
361 Travis
40%
323 Ali
39%
140 Calvin
39%
273 Ellis
39%
285 Jorge
39%
330 Maximus
39%
189 Miguel
39%
170 Braxton
38%
243 Dallas
38%
496 Emanuel
38%
181 Emmanuel
38%
85 Everett
38%
54 Ezekiel
38%
338 Ezequiel
38%
398 Mario
38%
434 Noel
38%
132 Sawyer
38%
267 Tristan
38%
146 Arlo
37%
316 Cash
37%
103 Easton
37%
122 Giovanni
37%
133 Jasper
37%
389 Julius
37%
293 Kash
37%
401 Pedro
37%
283 Romeo
37%
460 Tyson
37%
374 Eduardo
36%
307 Francisco
36%
178 Kingston
36%
484 Alexis
35%
356 Anderson
35%
197 Andres
35%
454 Damon
35%
131 Declan
35%
247 Javier
35%
351 Manuel
35%
391 Marshall
35%
275 Phoenix
35%
388 Spencer
35%
151 Zion
35%
165 Ace
34%
286 Angelo
34%
145 Diego
34%
403 Hugo
34%
171 Jaxson
34%
260 Omar
34%
81 Silas
34%
487 Sylas
34%
200 Tucker
34%
82 Walker
34%
115 Archer
33%
147 Bryson
33%
418 Chance
33%
437 Clark
33%
74 Enzo
33%
280 Tobias
33%
399 Ari
32%
317 Clayton
32%
139 Dawson
32%
457 Edgar
32%
270 Emerson
32%
244 Harvey
32%
279 Israel
32%
367 Russell
32%
134 Ryder
32%
443 Tanner
32%
67 Brooks
31%
193 Camden
31%
352 Fernando
31%
179 Judah
31%
288 Paxton
31%
226 Rory
31%
201 Bentley
30%
257 Ronan
30%
493 Ronin
30%
29 Santiago
30%
408 Augustus
29%
310 Casey
29%
467 Jalen
29%
324 Jaylen
29%
357 Kyler
29%
314 Malcolm
29%
406 Pablo
29%
222 Rafael
29%
420 Raphael
29%
421 Reed
29%
300 Reid
29%
210 Tate
29%
302 Bodhi
28%
346 Bodie
28%
322 Dante
28%
152 Emilio
28%
281 Holden
28%
215 Maddox
28%
240 Nash
28%
274 Otto
28%
405 Winston
28%
95 Amir
27%
101 Atlas
27%
166 Beckett
27%
371 Rylan
27%
149 Malachi
26%
233 Malakai
26%
325 Orion
26%
354 Rhys
26%
183 Ryker
26%
432 Dalton
25%
223 Griffin
25%
415 Lawson
25%
116 Lorenzo
25%
479 Odin
25%
417 Solomon
25%
341 Wade
25%
65 Waylon
25%
168 Beckham
24%
435 Benson
24%
463 Cillian
24%
473 Corbin
24%
303 Cruz
24%
328 Dakota
24%
466 Eden
24%
327 Jensen
24%
369 Killian
24%
485 Lucian
24%
202 Zayden
24%
370 Grady
23%
380 Hector
23%
261 Lane
23%
498 Mack
23%
337 Mathias
23%
471 Matthias
23%
287 Remington
23%
277 Atticus
22%
456 Esteban
22%
442 Fabian
22%
492 Finnegan
22%
407 Forrest
22%
161 Jett
22%
431 Kane
22%
263 Lennox
22%
298 Maximiliano
22%
174 Rhett
22%
500 Rocco
22%
195 Tatum
22%
411 Daxton
21%
89 Gael
21%
425 Hank
21%
296 Hendrix
21%
455 Reece
21%
413 Sage
21%
186 Barrett
20%
239 Cohen
20%
254 Cyrus
20%
318 Kohen
20%
482 Marcos
20%
402 Sergio
20%
483 Gianni
19%
409 Kobe
19%
410 Oakley
19%
400 Remy
19%
206 Adonis
18%
360 Cesar
18%
113 Emiliano
18%
331 Gideon
18%
234 Ismael
18%
340 Joaquin
18%
294 Josue
18%
478 Kendrick
18%
416 Kian
18%
440 Kieran
18%
438 Miller
18%
313 Baker
17%
321 Bowen
17%
469 Conrad
17%
486 Denver
17%
368 Desmond
17%
237 Elian
17%
160 Hayes
17%
359 Ibrahim
17%
209 Knox
17%
231 Milan
17%
427 Royal
17%
339 Sullivan
17%
172 Amari
16%
414 Apollo
16%
250 Crew
16%
426 Nehemiah
16%
55 Thiago
16%
109 Adriel
15%
157 Legend
15%
449 Raiden
15%
335 Sonny
15%
383 Titus
15%
424 Armani
14%
355 Cairo
14%
353 Colson
14%
218 Colter
14%
384 Iker
14%
238 Kairo
14%
291 Kayson
14%
465 Kyson
14%
429 Malik
14%
158 Matias
14%
203 Messiah
14%
462 Royce
14%
392 Wilder
14%
319 Leonel
13%
348 Luciano
13%
481 Rodrigo
13%
441 Sutton
13%
365 Baylor
12%
480 Brantley
12%
242 Callan
12%
477 Callen
12%
395 Kashton
12%
235 Kyrie
12%
358 Onyx
12%
282 Saint
12%
372 Sterling
12%
461 Uriel
12%
452 Valentino
12%
376 Wells
12%
475 Yusuf
12%
474 Asa
11%
295 Ares
10%
366 Banks
10%
326 Briggs
10%
390 Khalil
10%
373 Kylo
10%
311 Shepherd
10%
336 Shiloh
10%
155 Stetson
10%
363 Callahan
9%
446 Isaias
9%
362 Santino
9%
472 Zaire
9%
299 Zyaire
9%
491 Moshe
8%
494 Atreus
7%
253 Aziel
7%
292 Koa
7%
464 Koda
7%
444 Marcelo
7%
381 Eliam
6%
499 Leandro
6%
448 Nasir
6%
347 Dariel
5%
490 Hezekiah
5%
225 Jaziel
5%
386 Kamari
5%
459 Kylian
5%
470 Jasiah
4%
412 Tadeo
4%
419 Kayce
3%
No matching quizzes found
Score Distribution
Percent of People with Each Score
Percentile by Number Answered
Your Score History
You have not taken this quiz